Normal view MARC view
  • Excavations (Archaeology)

Entry Topical Term

Number of records used in: 1

001 - CONTROL NUMBER

  • control field: 7848

003 - CONTROL NUMBER IDENTIFIER

  • control field: NUST

005 - DATE AND TIME OF LATEST TRANSACTION

  • control field: 20171229095136.0

008 - FIXED-LENGTH DATA ELEMENTS

  • fixed length control field: 171229|| aca||aabn | a|a d

040 ## - CATALOGING SOURCE

  • Original cataloging agency: NUST
  • Transcribing agency: NUST

150 ## - HEADING--TOPICAL TERM

  • Topical term or geographic name entry element: Excavations (Archaeology)
  • Geographic subdivision: Jerusalem.

670 ## - SOURCE DATA FOUND

  • Source citation: Work cat.: (NUST)0: Ritmeyer, Leen, 1945- 7846, Secrets of Jerusalem's Temple Mount /, 1998.
© 2023 Central Library, National University of Sciences and Technology. All Rights Reserved.